000 00867nas a2200253 4500
001 BR9206193
003 BR-BrBNA
005 20231205092909.0
007 ta
008 230509b bl.|||p| |||| 00| 00por d
040 _aBR-BrBNA
_bpor
_cBiblioteca Nacional de Agricultura
041 _a(Pt)
072 _aM11
100 1 _aSaracura, V.F.
100 1 _aCastagnolli, N.
245 1 _aComparacao do desempenho entre alevinos de pacu (Piaractus mesopotamicus)e hibridos de pacu e de tambaqui (Colossoma macropomum)
246 1 _a[Performance comparison of freshwater fishes, Piaractus mesopotamicus and Colossoma macropomum!
650 _aPACU
650 _aTAMBAQUI
650 _aPERFORMANCE
773 0 _tCiencia Zootecnica. Jaboticabal (Brazil)
_x
_g(1990), v. 5(1) p. 17-19
_wBR9206193
909 _a202311
_bLúcia
_c55
_dLúcia Elande
942 _2AGRIS
_n0
_cANA
999 _c134966
_d134966